| 000 | 00764nam a22002657a 4500 | ||
|---|---|---|---|
| 001 | 00562 | ||
| 003 | DO-SdBNP | ||
| 005 | 20241017125214.0 | ||
| 007 | 00562 | ||
| 008 | 160621b2001 sp ||| 00| 0 spa d | ||
| 020 | _a9788466302821 | ||
| 040 |
_aBPMSU _bspa _cBPMSU |
||
| 082 | 4 |
_a833.91 _bE56m 2007 _222 |
|
| 100 | 1 |
_aEnde, Michael _d1929-1995 |
|
| 111 |
_d _916 |
||
| 245 | 1 | 0 |
_aMomo / _cMichael Ende ; traducción Susana Constante |
| 260 |
_aMadrid : _bEdiciones antillana, _c2007 |
||
| 300 |
_a280 p. : _bil. ; _c19 cm. |
||
| 490 | 0 |
_aPunto de lectura, _v45 |
|
| 590 | _aInventariado, 2024/VM | ||
| 650 | 4 | _aCuentos juveniles alemanes | |
| 700 | 1 |
_aConstante, Susana _etraductor _d1944- _c |
|
| 910 | _aVMateo V. Control de calidad. BPMSU | ||
| 942 |
_2ddc _cBK |
||
| 999 |
_c10472 _d10472 |
||